The Silence of the Lambs Characters - Statistics

General Stats
  • This quiz has been taken 34 times
  • The average score is 5 of 15
Answer Stats
Hint Character % Correct
Genius Cannibal Hannibal Lecter
100%
Protagonist Clarice Starling
83%
Main Antagonist Jame Gumb
83%
Protagonist's Boss Jack Crawford
60%
Self-Absorbed Doctor Dr Frederick Chilton
53%
Senator's Daughter Catherine Martin
40%
Senator Ruth Martin
40%
Head of Security Ward Barney
37%
Protagonist's FBI Friend Ardelia Mapp
13%
Flirty Insect Expert Dr Pilcher
10%
Cage Guard Lt Boyle
7%
FBI Director Hayden Burke
3%
Coroner Lamar
3%
Deputy Assistant Paul Krendler
3%
Insect Expert Roden
3%
No matching quizzes found
Score Distribution
Percent of People with Each Score
Percentile by Number Answered
Your Score History
You have not taken this quiz